000 00849nam a2200229Ii 4500
003 JO-AjNU
008 230605s9999||||xx |||||||||||||| ||und||
017 _a2005/20043
020 _a977-322-171-7
040 _aJO-AjNU
_bara
_erda
_cJO-AjNU
041 _aara
050 1 4 _aDS149.Z220 2006
100 3 _aتاليف عبد القوى، زينب عبد المجيد,
_eauthor
_910386
245 0 0 _aاليهود في إنجلترا العصور الوسطى 1066-1290 م
250 _aط1
264 3 1 _aالقاهرة: عين للدراسات والبحوث الانسانية والاجتماعية، 2006
300 _a120ص
336 _atext
_btxt
_2rdacontent
337 _aunmediated
_bn
_2rdamedia
338 _avolume
_bnc
_2rdacarrier
650 4 _aاليهود- انجلترا- العصور الوسطى-تاريخ 1066-1290 م
_910387
999 _aA1780
_c5348
_d5348